| 000 | 00694nam a22002057a 4500 | ||
|---|---|---|---|
| 005 | 20250228071810.0 | ||
| 008 | 250228b |||||||| |||| 00| 0 eng d | ||
| 040 |
_aKMU _cKMU _dKMU |
||
| 100 | _aNdulu, Ivy Moofwe | ||
| 245 |
_aThe evaluation of the effect of Chicken Manure on the growth perfomance and yield of Oyster Mushroom (Pleurotus Ostreatus) when using sugarcane bagasse as a substrate/ _cNdulu, Ivy Moofwe |
||
| 260 |
_aChinsali; _bKMU, _c2021. |
||
| 300 |
_a19p.: _bill.; _c29 cm. |
||
| 650 | _aAgroforestry. | ||
| 650 | _aChicken Manure. | ||
| 650 | _aOyster Mushroom. | ||
| 650 | _aPleurotus Ostreatus. | ||
| 650 | _aSugarcane Bagasse. | ||
| 650 | _aSubstrate. | ||
| 942 |
_cPR _n0 |
||
| 999 |
_c1671 _d1671 |
||